Statistics for Frequent Guest Stars on 'Friends'

Click here to take the quiz!

General Stats

  • This quiz has been taken 2,410 times
    (2,406 since last reset)
  • The average score is 24 of 47

Answer Stats

Actor & Episodes Starred InCharacter Name% Correct
James Michael Tyler, 144 EpisodesGunther
94%
Paul Rudd, 18 EpisodesMike Hannigan
92%
Tom Selleck, 10 EpisodesDr. Richard Burke
92%
Maggie Wheeler, 19 EpisodesJanice Litman
87%
Elliott Gould, 20 EpisodesJack Geller
83%
Christina Pickles, 19 EpisodesJudy Geller
80%
Helen Baxendale, 14 EpisodesEmily Waltham
75%
Cole Sprouse, 7 EpisodesBen Geller
74%
Jane Sibbett, 15 EpisodesCarol Willick
74%
Jessica Hecht, 12 EpisodesSusan Bunch
72%
Bruce Willis, 3 EpisodesPaul Stevens
72%
Reese Witherspoon, 2 EpisodesJill Green
70%
Giovanni Ribisi, 9 EpisodesFrank Buffay Jr.
69%
Christina Applegate, 2 EpisodesAmy Green
69%
Hank Azaria, 5 EpisodesDavid
66%
Eddie Cahill, 7 EpisodesTag Jones
60%
Aisha Tyler, 9 EpisodesCharlie Wheeler
57%
Sean Penn, 2 EpisodesEric
57%
Lauren Tom, 7 EpisodesJulie
56%
Jon Favreau, 6 EpisodesPete Becker
55%
Anna Faris, 5 EpisodesErica
52%
Morgan Fairchild, 5 EpisodesNora Tyler-Bing
51%
Bonnie Somerville, 7 EpisodesMona
50%
Elle Macpherson, 5 EpisodesJanine Lecroix
50%
Alexandra Holden, 5 EpisodesElizabeth Holden
49%
Christine Taylor, 3 EpisodesBonnie
47%
Alec Baldwin, 2 EpisodesParker
45%
Tate Donovan, 5 EpisodesJoshua Burgin
45%
June Gable, 11 EpisodesEstelle Leonard
44%
Adam Goldberg, 3 EpisodesEddie Menuek
44%
Cosimo Fusco, 4 EpisodesPaolo
43%
Paget Brewster, 6 EpisodesKathy
42%
Debra Jo Rupp, 6 EpisodesAlice Knight-Buffay
39%
Kathleen Turner, 3 EpisodesCharles Bing
38%
Larry Hankin, 5 EpisodesMr. Heckles
30%
Dermot Mulroney, 3 EpisodesGavin Mitchell
29%
Michael Rapaport, 4 EpisodesGary
27%
Mitchell Whitfield, 6 EpisodesBarry Farber
26%
Marlo Thomas, 3 EpisodesSandra Green
23%
Vincent Ventresca, 2 EpisodesFun Bobby
22%
Mike Hagerty, 5 EpisodesMr. Treeger
20%
Steven Eckholdt, 6 EpisodesMark Robinson
19%
Teri Garr, 3 EpisodesPhoebe Abbott Sr.
18%
Jon Lovitz, 2 EpisodesSteve
16%
Steve Ireland, 6 EpisodesMr. Zelner
15%
Alison La Placa, 3 EpisodesJoanna
10%
Alison Sweeney, 2 EpisodesJessica Ashley
5%

Score Distribution

Percentile by Number Answered

Percent of People with Each Score

Your Score History

You have not taken this quiz since the last reset